Cráneo (Registro nro. 8668)
[ vista simple ]
| 000 -LÍDER | |
|---|---|
| fixed length control field | 00578nom a22002297a 4500 |
| 005 - FECHA DE ÚLTIMA TRANSACCION | |
| control field | 20230425215147.0 |
| 008 - ELEMENTOS DE DATOS - INFORMACIÓN GENERAL | |
| fixed length control field | 161205b xxu||||| |||| 00| 0 spa d |
| 041 ## - CÓDIGO DE LENGUAJE | |
| Código de idioma de texto / pista de sonido o título separado | SPA |
| 082 ## - NÚMERO DE ACTIVO | |
| N° Activo | Cráneo |
| 245 ## - TÍTULO | |
| Título | Cráneo |
| 260 ## - PUBLICACIÓN , DISTRIBUCIÓN, ETC. (PIE DE IMPRENTA ) | |
| Fecha de adqusición | 2016 |
| 300 ## - DESCRIPCIÓN FÍSICA | |
| Peso | 0.8 kg |
| 500 ## - NOTA GENERAL | |
| Nota general | Se prestan para el mismo día, hasta las 7:50 pm |
| 650 ## - ASIENTO SECUNDARIO DE MATERIA - TÉRMINO DE MATERIA | |
| Término temático | CRÁNEO |
| 650 ## - ASIENTO SECUNDARIO DE MATERIA - TÉRMINO DE MATERIA | |
| Término temático | ANATOMÍA |
| 650 ## - ASIENTO SECUNDARIO DE MATERIA - TÉRMINO DE MATERIA | |
| Término temático | CABEZA Y CUELLO |
| 650 ## - ASIENTO SECUNDARIO DE MATERIA - TÉRMINO DE MATERIA | |
| Término temático | HUESOS |
| 650 ## - ASIENTO SECUNDARIO DE MATERIA - TÉRMINO DE MATERIA | |
| Término temático | DIENTES |
| 650 ## - ASIENTO SECUNDARIO DE MATERIA - TÉRMINO DE MATERIA | |
| Término temático | MODELOS ANATÓMICOS |
| 650 ## - ASIENTO SECUNDARIO DE MATERIA - TÉRMINO DE MATERIA | |
| Término temático | MECÁNICA DENTAL |
| 942 ## - AÑADIDO ENTRADA ELEMENTOS ( Koha ) | |
| Koha tipo de ítem | Modelo Anatómico |
| Withdrawn status | Estado | Estado físico | Not for loan | Precio de compra | Total Checkouts | Clasificación | Número de inscripción | Date last seen | Date checked out | Tipo de ítem | Price effective from | Copy number |
|---|---|---|---|---|---|---|---|---|---|---|---|---|
| 85000.00 | 54 | Cráneo | ACT-1926 | 20/04/2023 | 20/04/2023 | Modelo Anatómico | ||||||
| 85000.00 | 53 | Cráneo | ACT-1927 | 07/02/2023 | 07/02/2023 | Modelo Anatómico | ||||||
| 85000.00 | 51 | Cráneo | ACT-1928 | 25/04/2025 | 21/04/2025 | Modelo Anatómico | ||||||
| 85000.00 | 36 | Cráneo | ACT-1929 | 09/03/2026 | 09/03/2026 | Modelo Anatómico | ||||||
| 85000.00 | 20 | Cráneo | ACT-1930 | 07/02/2023 | 07/02/2023 | Modelo Anatómico | ||||||
| 85000.00 | 31 | Cráneo | ACT-1931 | 11/02/2020 | 11/02/2020 | Modelo Anatómico | ||||||
| 85000.00 | 16 | Cráneo | ACT-1932 | 18/10/2024 | 18/10/2024 | Modelo Anatómico | ||||||
| 85000.00 | 36 | Cráneo | ACT-1933 | 29/01/2024 | 29/01/2024 | Modelo Anatómico | ||||||
| 85000.00 | 46 | Cráneo | ACT-1934 | 27/09/2022 | 27/09/2022 | Modelo Anatómico | ||||||
| 85000.00 | 30 | Cráneo | ACT-1935 | 17/07/2023 | 17/07/2023 | Modelo Anatómico | ||||||
| 85000.00 | 42 | Cráneo | ACT-1936 | 07/02/2023 | 07/02/2023 | Modelo Anatómico | ||||||
| 85000.00 | 24 | Cráneo | ACT-1937 | 13/02/2023 | 13/02/2023 | Modelo Anatómico | ||||||
| 85000.00 | 51 | Cráneo | ACT-1938 | 08/07/2024 | 08/07/2024 | Modelo Anatómico | ||||||
| 85000.00 | 20 | Cráneo | ACT-1966 | 07/02/2023 | 07/02/2023 | Modelo Anatómico | ||||||
| 85000.00 | 22 | Cráneo | ACT-1967 | 03/03/2023 | 03/03/2023 | Modelo Anatómico | ||||||
| 85000.00 | 12 | Cráneo | ACT-1968 | 11/02/2020 | 11/02/2020 | Modelo Anatómico | ||||||
| 85000.00 | 6 | Cráneo | ACT-1969 | 07/02/2020 | 28/01/2020 | Modelo Anatómico | ||||||
| 85000.00 | 6 | Cráneo | ACT-1970 | 24/10/2022 | 24/10/2022 | Modelo Anatómico | ||||||
| 85000.00 | 8 | Cráneo | ACT-1965 | 11/02/2020 | 11/02/2020 | Modelo Anatómico | 03/10/2017 | |||||
| Cráneo | ACT-1972 | 23/07/2019 | Modelo Anatómico | 23/07/2019 | Cráneo de colores |